Accounting research methods / (Record no. 34)

MARC details
000 -LEADER
fixed length control field 00677nam a22002057a 4500
003 - CONTROL NUMBER IDENTIFIER
control field OSt
005 - DATE AND TIME OF LATEST TRANSACTION
control field 20250808023105.0
008 - FIXED-LENGTH DATA ELEMENTS--GENERAL INFORMATION
fixed length control field 240516b |||||||| |||| 00| 0 eng d
020 ## - INTERNATIONAL STANDARD BOOK NUMBER
International Standard Book Number 9786210441253
040 ## - CATALOGING SOURCE
Original cataloging agency DWC- Main Lib.
Transcribing agency OC
082 ## - DEWEY DECIMAL CLASSIFICATION NUMBER
Classification number Fil. 658.072 C112a 2022
100 ## - MAIN ENTRY--PERSONAL NAME
Personal name Cabulay, Danny Araneta
245 ## - TITLE STATEMENT
Title Accounting research methods /
Statement of responsibility, etc. Danny Araneta Cabulay
250 ## - EDITION STATEMENT
Edition statement First edition.
260 ## - PUBLICATION, DISTRIBUTION, ETC.
Place of publication, distribution, etc. Sampaloc, Manila, Philippines :
Name of publisher, distributor, etc. Rex Bookstore,
Date of publication, distribution, etc. c2022.
300 ## - PHYSICAL DESCRIPTION
Extent ix, 188 pages :
Other physical details illustrations ;
Dimensions 26cm.
504 ## - BIBLIOGRAPHY, ETC. NOTE
Bibliography, etc. note Includes bibliographical references and index.
650 ## - SUBJECT ADDED ENTRY--TOPICAL TERM
Topical term or geographic name entry element 1. Accounting- research- methodology
942 ## - ADDED ENTRY ELEMENTS (KOHA)
Source of classification or shelving scheme Dewey Decimal Classification
Koha item type Book-Filipiniana
Call number prefix Fil.
Suppress in OPAC No
952 ## - LOCATION AND ITEM INFORMATION (KOHA)
--
Holdings
Withdrawn status Lost status Source of classification or shelving scheme Damaged status Not for loan Home library Current library Shelving location Date acquired Source of acquisition Cost, normal purchase price Total Checkouts Full call number Barcode Date last seen Copy number Price effective from Koha item type Uniform Resource Identifier
    Dewey Decimal Classification     College Library College Library Filipiniana 02/29/2024 School Fund 385.00   Fil. 658.072 C112a 2022 54083 05/16/2024 c1 05/16/2024 BK - FIL
    Dewey Decimal Classification     College Library College Library Filipiniana 02/29/2024 School Fund 385.00   Fil. 658.072 C112a 2022 54084 05/16/2024 c2 05/16/2024 BK - FIL